00651nam a2200193Ia 4500008004100000020001500041082001500056100001600071245004900087250000800136260004000144300002800184500001900212600002100231650005000252942000700302952013300309999001500442240925s9999 xx 000 0 und d a8170292786 a004.16 HAN aT. Hanley - 0aMicroprocessors and Microcomputer Technology a1st aNew Delhi:bBPB Publicationc,1995. axvi,520p.bNAfOriginal aIncludes Index aComputer Science aComputer science, information & general works cBK 011040708CSaUITUbUITUd1995-02-09eParamount Book Pvt Ltdg74.25l0o004.16 HANpQ0127r2024-09-25 07:11:57w2024-09-25yBK c2626d2626